Statistics for Top 25 Most Subscribed Youtubers

Click here to take the quiz!

General Stats

  • This quiz has been taken 14 times
  • The average score is 7 of 25

Answer Stats

RankSubscribersAnswer% Correct
4111MPewdiepie
100%
587MMrBeast
79%
1203MT-Series
79%
2125MCocomelon
43%
2156MDude Perfect
36%
1366MJustin Bieber
36%
884MWWE
36%
1175M5-Minute Crafts
29%
1271MBLACKPINK
21%
2553MChuChu TV
21%
686MKids Diana Show
21%
784MLike Nastya
21%
1861MSony SAB
21%
1762MBANGTANTV
14%
2454MMarshmello
14%
2255MMovieclips
14%
3123MSET India
14%
1076MVlad and Niki
14%
1465MCanal KondZilla
7%
1563MGoldmines
7%
1663MHYPE LABELS
7%
2057MShemaroo Filmi Gaane
7%
980MZee Music Company
7%
1960MZee TV
7%
2354MPinkfong
0%

Score Distribution

Percentile by Number Answered

Percent of People with Each Score

Your Score History

You have not taken this quiz